00210nam a2200085Ia 4500008004100000100002100041245003300062260000900095650002000104190216s9999||||xx |||||||||||||| ||und|| aBalakrishnan P K 0aKavyakala Kumaranashaniloode bNull aEssay Malayalam